[Event "CYCC U16"]
[Site "Kapuskasing CAN"]
[Date "2004.07.07"]
[Round "4"]
[White "Peng Yu, David"]
[Black "Johnston, Marty"]
[Result "1-0"]
[WhiteElo "2115"]
[BlackElo "1441"]
[PlyCount "104"]
[GameId "2160767911095997"]
[EventDate "2004.07.06"]
[EventType "swiss"]
[EventRounds "7"]
[EventCountry "CAN"]
[SourceTitle "EXT 2006"]
[Source "ChessBase"]
[SourceDate "2005.11.24"]
[SourceVersion "1"]
[SourceVersionDate "2005.11.24"]
[SourceQuality "1"]

1. e4 c6 2. Nf3 d5 3. Nc3 dxe4 4. Nxe4 Nf6 5. Ng3 Bg4 6. Be2 e6 7. h3 Bxf3 8. Bxf3 Bd6 9. Ne2 Nbd7 10. d4 Qc7 11. c4 O-O 12. O-O e5 13. g3 exd4 14. Nxd4 Ne5 15. Bg5 Bc5 16. Nb3 Rad8 17. Qe2 Be7 18. Bg2 h6 19. Bf4 Nfd7 20. Rfe1 Bf6 21. h4 Rfe8 22. Rad1 Nb6 23. Rxd8 Qxd8 24. Rd1 Qc8 25. c5 Nbc4 26. Nd4 b6 27. cxb6 axb6 28. b3 Na5 29. Qc2 Ng6 30. Be3 c5 31. Nf5 Rd8 32. Bd5 Qc7 33. Nxh6+ Kf8 34. Ng4 Be5 35. Bg5 Re8 36. h5 Ne7 37. Qh7 Bd4 38. Qh8+ Ng8 39. Be3 Nc6 40. Bxc6 Qxc6 41. Bf4 Qe6 42. h6 g6 43. Rxd4 cxd4 44. h7 Ke7 45. Bg5+ Kd7 46. Qxd4+ Kc7 47. h8=Q Qc6 48. Qc3 f6 49. Qh7+ Re7 50. Qxc6+ Kxc6 51. Qxg8 fxg5 52. Qxg6+ Kc7 1-0

[Event "CYCC U16"]
[Site "Kapuskasing CAN"]
[Date "2004.07.07"]
[Round "4"]
[White "Rodriguez, Aaron"]
[Black "Hawley, Robert"]
[Result "1-0"]
[WhiteElo "1733"]
[BlackElo "1693"]
[PlyCount "77"]
[GameId "2160767911095998"]
[EventDate "2004.07.06"]
[EventType "swiss"]
[EventRounds "7"]
[EventCountry "CAN"]
[SourceTitle "EXT 2006"]
[Source "ChessBase"]
[SourceDate "2005.11.24"]
[SourceVersion "1"]
[SourceVersionDate "2005.11.24"]
[SourceQuality "1"]

1. e4 e5 2. Nf3 Nc6 3. Bb5 a6 4. Ba4 Nf6 5. O-O Be7 6. Re1 b5 7. Bb3 O-O 8. c3 d5 9. exd5 Nxd5 10. Nxe5 Nxe5 11. Rxe5 c6 12. d4 Bd6 13. Re1 Qh4 14. g3 Qh3 15. Qf3 Bg4 16. Qg2 Qh5 17. Be3 Bf3 18. Qf1 f5 19. Nd2 f4 20. Nxf3 Qxf3 21. Bd1 Qe4 22. Bxf4 Qg6 23. Bxd6 Qxd6 24. Bg4 Rf6 25. Qh3 Nc7 26. Re5 Raf8 27. f4 Rh6 28. Qg2 a5 29. Rae1 a4 30. Qe4 Rff6 31. Re7 Rhg6 32. Bf5 Rh6 33. Rd7 Qf8 34. Bxh7+ Rxh7 35. Rxc7 Rhh6 36. Qe7 Rhg6 37. Qxf8+ Rxf8 38. Ree7 Rxf4 39. Rxg7+ 1-0

[Event "CYCC U16"]
[Site "Kapuskasing CAN"]
[Date "2004.07.07"]
[Round "4"]
[White "Sadeghi Aval, Pouya"]
[Black "Pauric, Allen"]
[Result "0-1"]
[WhiteElo "1527"]
[BlackElo "1972"]
[PlyCount "114"]
[GameId "2160767911095999"]
[EventDate "2004.07.06"]
[EventType "swiss"]
[EventRounds "7"]
[EventCountry "CAN"]
[SourceTitle "EXT 2006"]
[Source "ChessBase"]
[SourceDate "2005.11.24"]
[SourceVersion "1"]
[SourceVersionDate "2005.11.24"]
[SourceQuality "1"]

1. e4 d5 2. exd5 Qxd5 3. Nc3 Qa5 4. Bc4 Nf6 5. d3 c6 6. h3 Bf5 7. Nf3 e6 8. Bd2 Nbd7 9. Nd5 Qd8 10. Ne3 Bg6 11. Bc3 Bd6 12. Qe2 O-O 13. Nh4 Nd5 14. Nxg6 hxg6 15. Bxd5 exd5 16. O-O-O Re8 17. Qf3 Ne5 18. Bxe5 Bxe5 19. Rhe1 Qa5 20. a3 Qb5 21. d4 Bf6 22. Ng4 Bg5+ 23. Kb1 Qa5 24. Re2 Rxe2 25. Qxe2 Qc7 26. Re1 Kf8 27. Ne5 Bf6 28. c3 Bxe5 29. Qxe5 Qxe5 30. Rxe5 f6 31. Re3 Kf7 32. Kc2 g5 33. g4 Rh8 34. Kd3 g6 35. Rf3 Ke6 36. Re3+ Kd6 37. Rf3 Rf8 38. b3 f5 39. gxf5 gxf5 40. Rg3 Rg8 41. h4 g4 42. Rg1 Rh8 43. Rh1 f4 44. h5 Ke6 45. Re1+ Kf6 46. Re5 Rh7 47. a4 Re7 48. Rxe7 Kxe7 49. c4 Kf6 50. c5 Kg5 51. b4 Kxh5 52. Ke2 Kh4 53. f3 Kg3 54. fxg4 Kxg4 55. Kf2 f3 56. b5 Kf4 57. a5 a6 0-1

[Event "CYCC U16"]
[Site "Kapuskasing CAN"]
[Date "2004.07.07"]
[Round "4"]
[White "Tayar, Jonathan"]
[Black "Carayanniotis, Jason"]
[Result "1-0"]
[WhiteElo "1959"]
[BlackElo "1578"]
[PlyCount "57"]
[GameId "2160767911096000"]
[EventDate "2004.07.06"]
[EventType "swiss"]
[EventRounds "7"]
[EventCountry "CAN"]
[SourceTitle "EXT 2006"]
[Source "ChessBase"]
[SourceDate "2005.11.24"]
[SourceVersion "1"]
[SourceVersionDate "2005.11.24"]
[SourceQuality "1"]

1. e4 c5 2. Nf3 Nc6 3. d4 cxd4 4. Nxd4 d6 5. Nc3 g6 6. Be3 Bg7 7. Qd2 Bd7 8. O-O-O Rc8 9. f4 Nf6 10. h3 a6 11. Qf2 Qc7 12. g4 Na5 13. g5 Ng8 14. Nd5 Qd8 15. Nf5 Bxf5 16. exf5 Nc6 17. Bb6 Qd7 18. f6 Bf8 19. fxe7 Bg7 20. h4 Ncxe7 21. Bh3 Nf5 22. h5 Qb5 23. c3 Kf8 24. h6 Bxc3 25. Nxc3 Rc6 26. Bd4 Qa5 27. Bxf5 Qxf5 28. Bg7+ Ke8 29. Qc2 1-0

[Event "CYCC U16"]
[Site "Kapuskasing CAN"]
[Date "2004.07.07"]
[Round "4"]
[White "Tessier, Adam"]
[Black "Mollison, William"]
[Result "0-1"]
[WhiteElo "796"]
[BlackElo "1247"]
[PlyCount "83"]
[GameId "2160767911096001"]
[EventDate "2004.07.06"]
[EventType "swiss"]
[EventRounds "7"]
[EventCountry "CAN"]
[SourceTitle "EXT 2006"]
[Source "ChessBase"]
[SourceDate "2005.11.24"]
[SourceVersion "1"]
[SourceVersionDate "2005.11.24"]
[SourceQuality "1"]

1. e4 c5 2. d4 cxd4 3. Qxd4 Nc6 4. Qd5 Nf6 5. Qb3 Nxe4 6. Bc4 e6 7. Qf3 d5 8. Nh3 Qf6 9. O-O Qxf3 10. gxf3 dxc4 11. fxe4 Nb4 12. Na3 e5 13. Ng5 h6 14. c3 hxg5 15. cxb4 Bh3 16. Rd1 Bxb4 17. Nxc4 O-O 18. Bxg5 f6 19. Bd2 Bxd2 20. Rxd2 Rad8 21. Rad1 Rxd2 22. Rxd2 Rc8 23. Rd3 Rxc4 24. Rxh3 Rb4 25. Rb3 Rxb3 26. axb3 Kf7 27. Kg2 Ke6 28. f3 f5 29. exf5+ Kxf5 30. h4 b5 31. Kg3 b4 32. Kh3 Kf4 33. h5 Kg5 34. Kg3 Kxh5 35. f4 e4 36. Kf2 Kg6 37. Ke3 Kf5 38. Ke2 Kxf4 39. Ke1 Kf3 40. Kf1 e3 41. Ke1 e2 42. Kd2 0-1

[Event "CYCC U16"]
[Site "Kapuskasing CAN"]
[Date "2004.07.07"]
[Round "4"]
[White "Wang, David"]
[Black "Ramaswamy, Kishor"]
[Result "1-0"]
[WhiteElo "2143"]
[BlackElo "2024"]
[PlyCount "55"]
[GameId "2160767911096002"]
[EventDate "2004.07.06"]
[EventType "swiss"]
[EventRounds "7"]
[EventCountry "CAN"]
[SourceTitle "EXT 2006"]
[Source "ChessBase"]
[SourceDate "2005.11.24"]
[SourceVersion "1"]
[SourceVersionDate "2005.11.24"]
[SourceQuality "1"]

1. e4 c6 2. d4 d5 3. Nc3 dxe4 4. Nxe4 Nf6 5. Nxf6+ gxf6 6. Be2 Bf5 7. Bf3 e6 8. Ne2 Nd7 9. Ng3 Bd6 10. Nxf5 Qa5+ 11. c3 Qxf5 12. Be3 Nb6 13. Qb3 O-O-O 14. O-O-O Bf4 15. Bxf4 Qxf4+ 16. Kb1 Nd5 17. Rc1 Ne7 18. Qa3 Nf5 19. Qxa7 Nh4 20. Qa8+ Kc7 21. Qa5+ Kc8 22. Bh5 Ng6 23. Bxg6 hxg6 24. g3 Qxf2 25. Rhf1 Qe2 26. Rxf6 Qe4+ 27. Ka1 Rxh2 28. Rxf7 1-0

[Event "CYCC U16"]
[Site "Kapuskasing CAN"]
[Date "2004.07.08"]
[Round "5"]
[White "Hawley, Robert"]
[Black "Mollison, Shawn"]
[Result "1-0"]
[WhiteElo "1693"]
[BlackElo "1019"]
[PlyCount "103"]
[GameId "2160767911096003"]
[EventDate "2004.07.06"]
[EventType "swiss"]
[EventRounds "7"]
[EventCountry "CAN"]
[SourceTitle "EXT 2006"]
[Source "ChessBase"]
[SourceDate "2005.11.24"]
[SourceVersion "1"]
[SourceVersionDate "2005.11.24"]
[SourceQuality "1"]

1. e4 e5 2. Nf3 Nc6 3. Bc4 Nge7 4. Ng5 d5 5. exd5 Nxd5 6. Nxf7 Kxf7 7. Qf3+ Ke8 8. Bxd5 Qd7 9. Nc3 Kd8 10. O-O g6 11. Qf6+ Ne7 12. Qxh8 Nxd5 13. Qxf8+ Qe8 14. Qxe8+ Kxe8 15. Nxd5 Kd8 16. d3 c6 17. Bg5+ Kd7 18. Nf6+ Ke6 19. Nxh7 Kf7 20. f4 Bf5 21. fxe5 Kg7 22. Nf6 Rh8 23. Rxf5 gxf5 24. h4 Kf7 25. h5 b5 26. h6 a5 27. h7 b4 28. Rf1 Kg6 29. Be3 a4 30. Rf3 b3 31. axb3 axb3 32. Rg3+ Kf7 33. Rg5 bxc2 34. Rxf5 Kg7 35. Rf2 c1=Q+ 36. Bxc1 c5 37. e6 Kf8 38. Bh6+ Ke7 39. Bg7 Rxh7 40. Nxh7 Kxe6 41. Be5 Kxe5 42. g4 Kd4 43. g5 Kxd3 44. g6 c4 45. g7 c3 46. bxc3 Kxc3 47. g8=Q Kd4 48. Qd8+ Kc5 49. Rc2+ Kb4 50. Qb8+ Ka3 51. Rc7 Ka4 52. Ra7# 1-0

[Event "CYCC U16"]
[Site "Kapuskasing CAN"]
[Date "2004.07.08"]
[Round "5"]
[White "Mollison, William"]
[Black "Brauer, Mark"]
[Result "0-1"]
[WhiteElo "1247"]
[BlackElo "1429"]
[PlyCount "90"]
[GameId "2160767911096004"]
[EventDate "2004.07.06"]
[EventType "swiss"]
[EventRounds "7"]
[EventCountry "CAN"]
[SourceTitle "EXT 2006"]
[Source "ChessBase"]
[SourceDate "2005.11.24"]
[SourceVersion "1"]
[SourceVersionDate "2005.11.24"]
[SourceQuality "1"]

1. e4 e5 2. Nf3 Nc6 3. Bc4 Nf6 4. Ng5 d5 5. exd5 Na5 6. Qe2 Nxc4 7. Qxc4 Nxd5 8. Nc3 c6 9. Nxd5 cxd5 10. Qb5+ Bd7 11. Qxb7 Be7 12. Nxf7 Kxf7 13. Qxd5+ Be6 14. Qxe5 Bf6 15. Qb5 Re8 16. O-O Rb8 17. Qc5 Bd4 18. Qh5+ Kg8 19. c3 Bf7 20. Qf3 Bd5 21. Qf4 Be5 22. Qa4 Qg5 23. g3 Qh5 24. f3 Bxf3 25. Qc4+ Kh8 26. Qh4 Rb6 27. Qxh5 Bxh5 28. d4 Bb8 29. Bf4 Rxb2 30. Bxb8 Rexb8 31. Rf2 Rxf2 32. Kxf2 Rb2+ 33. Kg1 Bf7 34. Rf1 Bxa2 35. Rf8+ Bg8 36. d5 Rd2 37. Rd8 Rxd5 38. Rxd5 Bxd5 39. Kf2 a5 40. Ke2 a4 41. Kd2 a3 42. Kc2 a2 43. Kb2 g5 44. g4 Kg7 45. h3 Kf6 0-1

[Event "CYCC U16"]
[Site "Kapuskasing CAN"]
[Date "2004.07.08"]
[Round "5"]
[White "Pauric, Allen"]
[Black "Wang, David"]
[Result "1/2-1/2"]
[WhiteElo "1972"]
[BlackElo "2143"]
[PlyCount "77"]
[GameId "2160767911096005"]
[EventDate "2004.07.06"]
[EventType "swiss"]
[EventRounds "7"]
[EventCountry "CAN"]

1. d4 d5 2. Nf3 Nf6 3. Bf4 c5 4. c3 Qb6 5. Qb3 c4 6. Qxb6 axb6 7. Nbd2 Bf5 8. a3 b5 9. Rc1 Nc6 10. e3 e6 11. Be2 Nd7 12. Nh4 Bg6 13. Nxg6 hxg6 14. e4 Nf6 15. Bf3 Be7 16. O-O dxe4 17. Nxe4 Nxe4 18. Bxe4 g5 19. Bg3 f5 20. Bxc6+ bxc6 21. Be5 Kf7 22. f3 Rhd8 23. Rfe1 Rd5 24. Rc2 Bf6 25. Rce2 Re8 26. Bxf6 gxf6 27. Kf2 e5 28. dxe5 fxe5 29. Rh1 Rh8 30. h3 Kf6 31. g3 Rd7 32. Kg2 Rhd8 33. Rhe1 Rd1 34. Kf2 Rxe1 35. Rxe1 Rd2+ 36. Re2 Rd8 37. Re1 Rd5 38. Ke2 Kg6 39. Rg1 1/2-1/2

[Event "CYCC U16"]
[Site "Kapuskasing CAN"]
[Date "2004.07.08"]
[Round "5"]
[White "Ramaswamy, Kishor"]
[Black "Peng Yu, David"]
[Result "1/2-1/2"]
[WhiteElo "2024"]
[BlackElo "2115"]
[PlyCount "78"]
[GameId "2160767911096006"]
[EventDate "2004.07.06"]
[EventType "swiss"]
[EventRounds "7"]
[EventCountry "CAN"]
[SourceTitle "EXT 2006"]
[Source "ChessBase"]
[SourceDate "2005.11.24"]
[SourceVersion "1"]
[SourceVersionDate "2005.11.24"]
[SourceQuality "1"]

1. d4 e6 2. Nf3 d5 3. Bf4 f5 4. Nbd2 Nf6 5. e3 Be7 6. c4 c6 7. Bd3 O-O 8. O-O Qe8 9. Rb1 Ne4 10. Ne5 g5 11. Bg3 Nxg3 12. hxg3 Nd7 13. Ndf3 g4 14. Nxd7 Bxd7 15. Ne5 Bd6 16. f4 gxf3 17. gxf3 Qe7 18. Kf2 Bxe5 19. dxe5 Rf7 20. f4 Rg7 21. cxd5 cxd5 22. Qb3 Bc6 23. Qc3 h5 24. Qe1 h4 25. gxh4 Qxh4+ 26. Ke2 Rg2+ 27. Rf2 Qg4+ 28. Kd2 d4 29. Rd1 Rc8 30. Qe2 dxe3+ 31. Qxe3 Bf3 32. Rxg2 Qxg2+ 33. Be2 Rd8+ 34. Kc1 Rc8+ 35. Kd2 Rd8+ 36. Kc1 Rxd1+ 37. Kxd1 Bxe2+ 38. Qxe2 Qg1+ 39. Kc2 Qc5+ 1/2-1/2

[Event "CYCC U16"]
[Site "Kapuskasing CAN"]
[Date "2004.07.08"]
[Round "5"]
[White "Rodriguez, Aaron"]
[Black "Tayar, Jonathan"]
[Result "0-1"]
[WhiteElo "1733"]
[BlackElo "1959"]
[PlyCount "104"]
[GameId "2160767911096007"]
[EventDate "2004.07.06"]
[EventType "swiss"]
[EventRounds "7"]
[EventCountry "CAN"]
[SourceTitle "EXT 2006"]
[Source "ChessBase"]
[SourceDate "2005.11.24"]
[SourceVersion "1"]
[SourceVersionDate "2005.11.24"]
[SourceQuality "1"]

1. e4 c5 2. Nf3 d6 3. d4 cxd4 4. Nxd4 Nf6 5. Nc3 a6 6. Be2 e5 7. Nb3 Be7 8. Be3 Be6 9. O-O O-O 10. a4 Nbd7 11. f3 Nb6 12. a5 Nc4 13. Bxc4 Bxc4 14. Bb6 Qd7 15. Rf2 Bd8 16. Be3 Qc6 17. Rd2 Bc7 18. Kh1 h6 19. Qe1 d5 20. Bc5 Rfe8 21. exd5 Nxd5 22. Nxd5 Bxd5 23. Be3 f5 24. Nc5 e4 25. fxe4 Bxe4 26. Nxe4 Qxe4 27. Rd3 Qg4 28. Qd1 Qh4 29. Bg1 Re4 30. Rh3 Qg5 31. Qd5+ Kh8 32. Qxb7 Qd8 33. Rd3 Qb8 34. Qxb8+ Rxb8 35. Bd4 Re2 36. Bc3 Rbe8 37. Rd7 Be5 38. Bxe5 R8xe5 39. Rd8+ Kh7 40. g3 Rxc2 41. b4 Ree2 42. Rdd1 Rxh2+ 43. Kg1 Rcg2+ 44. Kf1 Rb2 45. Kg1 Rhg2+ 46. Kf1 Rxg3 47. Rd6 Rg6 48. Rb6 Rxb6 49. axb6 Rxb4 50. Rxa6 Rb2 51. Ra5 Rxb6 52. Rxf5 Rf6 0-1

[Event "CYCC U16"]
[Site "Kapuskasing CAN"]
[Date "2004.07.08"]
[Round "5"]
[White "Sadeghi Aval, Pouya"]
[Black "Ho, Martin"]
[Result "0-1"]
[WhiteElo "1527"]
[BlackElo "1713"]
[PlyCount "72"]
[GameId "2160767911096008"]
[EventDate "2004.07.06"]
[EventType "swiss"]
[EventRounds "7"]
[EventCountry "CAN"]
[SourceTitle "EXT 2006"]
[Source "ChessBase"]
[SourceDate "2005.11.24"]
[SourceVersion "1"]
[SourceVersionDate "2005.11.24"]
[SourceQuality "1"]

1. d4 e6 2. e4 d5 3. exd5 exd5 4. c4 Nf6 5. Nc3 Be7 6. Bf4 O-O 7. Qc2 dxc4 8. O-O-O a6 9. Bxc4 b5 10. Bb3 Bb7 11. Nf3 b4 12. Ne2 Nd5 13. Bd2 a5 14. Bc4 Nb6 15. Bd3 a4 16. Bxb4 Bxb4 17. Bxh7+ Kh8 18. Be4 Bxe4 19. Qxe4 Qf6 20. h4 Qg6 21. Qxg6 fxg6 22. h5 gxh5 23. Rxh5+ Kg8 24. Rdh1 Kf7 25. Rh7 N8d7 26. Ng5+ Kf6 27. Ne4+ Kg6 28. R7h5 Be7 29. g3 Bf6 30. Nc5 Nxc5 31. dxc5 Nc4 32. Nf4+ Kf7 33. Nd5 Bxb2+ 34. Kc2 Bf6 35. Nxc7 Rab8 36. Rb1 Na3+ 0-1

[Event "CYCC U16"]
[Site "Kapuskasing CAN"]
[Date "2004.07.08"]
[Round "5"]
[White "Wong, Wylon"]
[Black "Carayanniotis, Jason"]
[Result "0-1"]
[WhiteElo "1826"]
[BlackElo "1578"]
[PlyCount "102"]
[GameId "2160767911096009"]
[EventDate "2004.07.06"]
[EventType "swiss"]
[EventRounds "7"]
[EventCountry "CAN"]
[SourceTitle "EXT 2006"]
[Source "ChessBase"]
[SourceDate "2005.11.24"]
[SourceVersion "1"]
[SourceVersionDate "2005.11.24"]
[SourceQuality "1"]

1. d4 Nf6 2. c4 g6 3. Nc3 d5 4. Bf4 c6 5. e3 Bg7 6. c5 Bg4 7. Be2 Bxe2 8. Qxe2 O-O 9. Nf3 Nbd7 10. b4 a6 11. a4 Nh5 12. O-O Nxf4 13. exf4 Re8 14. Rfe1 f6 15. Qe6+ Kh8 16. Ra2 Nf8 17. Qe3 Qc7 18. Rae2 e6 19. Na2 Nd7 20. Qd2 e5 21. fxe5 fxe5 22. dxe5 Nxe5 23. Nd4 Qd7 24. Nc1 Nc4 25. Qd3 Rxe2 26. Rxe2 Re8 27. h3 Rxe2 28. Ncxe2 Qe7 29. Kf1 Qe4 30. Qxe4 dxe4 31. Ne6 Bf6 32. Ng3 e3 33. f3 Kg8 34. Ne4 Nd2+ 35. Nxd2 exd2 36. Ke2 Kf7 37. Nc7 Be5 38. Na8 Bc3 39. Nb6 Bxb4 40. Nc4 Ke6 41. Nd6 b5 42. axb5 axb5 43. Ne4 Kd5 44. h4 h5 45. g4 Kd4 46. Nf2 Kxc5 47. Nd3+ Kc4 48. Ne5+ Kc3 49. Nxc6 Bc5 50. Kd1 b4 51. Na5 Bb6 0-1

[Event "CYCC U16"]
[Site "Kapuskasing CAN"]
[Date "2004.07.08"]
[Round "6"]
[White "Carayanniotis, Jason"]
[Black "Johnston, Marty"]
[Result "0-1"]
[WhiteElo "1578"]
[BlackElo "1441"]
[PlyCount "88"]
[GameId "2160767911096010"]
[EventDate "2004.07.06"]
[EventType "swiss"]
[EventRounds "7"]
[EventCountry "CAN"]

1. d4 c6 2. c4 Nf6 3. Nc3 d5 4. h3 Bf5 5. Qb3 Qd7 6. Nf3 dxc4 7. Qd1 e6 8. Nh4 Be4 9. a3 h6 10. Nxe4 Nxe4 11. Nf3 Qd5 12. Qc2 Nd7 13. e3 b5 14. Nd2 Ndf6 15. Nxe4 Nxe4 16. Bd2 Bd6 17. f3 Bg3+ 18. Ke2 Nf2 19. Rg1 O-O 20. Be1 Bh2 21. Kxf2 Bxg1+ 22. Kxg1 e5 23. Rd1 Rad8 24. a4 a6 25. Be2 Qe6 26. axb5 axb5 27. Qe4 Rfe8 28. dxe5 Rxd1 29. Bxd1 Qxe5 30. Qxe5 Rxe5 31. e4 f6 32. Kf2 Kf7 33. Ke3 Re8 34. Bc2 c5 35. Bg3 b4 36. Ba4 Rd8 37. Ke2 Ke7 38. f4 Ra8 39. Bb5 Ra2 40. Bxc4 Rxb2+ 41. Kf3 Rc2 42. Bd3 Rc3 43. Ke2 c4 44. Bxc4 Rxc4 0-1

[Event "CYCC U16"]
[Site "Kapuskasing CAN"]
[Date "2004.07.08"]
[Round "6"]
[White "Hawley, Robert"]
[Black "Sadeghi Aval, Pouya"]
[Result "1-0"]
[WhiteElo "1693"]
[BlackElo "1527"]
[PlyCount "115"]
[GameId "2160767911096011"]
[EventDate "2004.07.06"]
[EventType "swiss"]
[EventRounds "7"]
[EventCountry "CAN"]

1. e4 e5 2. Nf3 Nc6 3. Bc4 Nf6 4. Ng5 d5 5. exd5 Na5 6. Bb5+ c6 7. dxc6 bxc6 8. Ba4 h6 9. Nf3 Bg4 10. h3 Bh5 11. g4 Bg6 12. Nxe5 Qc7 13. Nxg6 fxg6 14. d3 Nd5 15. Bd2 Nb7 16. Qe2+ Be7 17. Nc3 Nxc3 18. Bxc3 O-O 19. Bb3+ Kh8 20. O-O-O Bf6 21. Bxf6 Rxf6 22. h4 Rff8 23. g5 Rae8 24. Qd2 Qf4 25. gxh6 gxh6 26. Rh2 Nc5 27. Bc4 Re7 28. Qxf4 Rxf4 29. Kd2 Rd7 30. b3 Rf6 31. Re1 Kg7 32. b4 Nb7 33. Re6 Nd6 34. Rxf6 Ne4+ 35. Kc1 Nxf6 36. Kb2 Rb7 37. Kb3 Ng4 38. Rg2 Ne5 39. f4 Nf3 40. h5 g5 41. Rg3 Nd4+ 42. Ka4 Nxc2 43. a3 Nd4 44. fxg5 hxg5 45. Rxg5+ Kh6 46. Rc5 Rb6 47. b5 cxb5+ 48. Bxb5 Nxb5 49. Rxb5 Rd6 50. Rb3 Kxh5 51. Kb5 Kg5 52. Kc5 Ra6 53. d4 Kf6 54. Re3 Re6 55. Rxe6+ Kxe6 56. Kc6 a6 57. d5+ Ke7 58. Kc7 1-0

[Event "CYCC U16"]
[Site "Kapuskasing CAN"]
[Date "2004.07.08"]
[Round "6"]
[White "Mollison, Shawn"]
[Black "Brauer, Mark"]
[Result "0-1"]
[WhiteElo "1019"]
[BlackElo "1429"]
[PlyCount "118"]
[GameId "2160767911096012"]
[EventDate "2004.07.06"]
[EventType "swiss"]
[EventRounds "7"]
[EventCountry "CAN"]

1. b3 e5 2. Bb2 Nc6 3. c4 Bc5 4. Nf3 d6 5. e3 Bg4 6. Be2 Nf6 7. d3 O-O 8. Nbd2 Qe7 9. O-O Rad8 10. e4 Nh5 11. h3 Be6 12. a3 a6 13. h4 Nf4 14. Ng5 h6 15. Nxe6 fxe6 16. Nf3 Ng6 17. d4 exd4 18. Bxd4 Nxd4 19. Nxd4 Bxd4 20. Qxd4 Nxh4 21. f3 Qg5 22. Qf2 Rf6 23. g3 Rdf8 24. Kh2 Nxf3+ 25. Bxf3 Rxf3 26. Qg2 Qh5+ 27. Kg1 Rxf1+ 28. Rxf1 Rxf1+ 29. Qxf1 Qc5+ 30. Qf2 Qxf2+ 31. Kxf2 Kf7 32. Kf3 Kf6 33. Kf4 g5+ 34. Kf3 Ke5 35. Ke3 h5 36. Kf3 Kd4 37. a4 Kc3 38. Ke3 Kxb3 39. Kd4 Kxa4 40. e5 Kb4 41. exd6 cxd6 42. Kd3 h4 43. gxh4 gxh4 44. Ke2 Kxc4 45. Kf2 b5 46. Kf3 b4 47. Kg4 b3 48. Kxh4 b2 49. Kg4 b1=R 50. Kf4 Rf1+ 51. Kg4 Kd4 52. Kg3 Ke3 53. Kg4 Rf5 54. Kg3 Rg5+ 55. Kh4 Kf4 56. Kh3 Rg8 57. Kh2 Kf3 58. Kh1 Kf2 59. Kh2 Rh8# 0-1

[Event "CYCC U16"]
[Site "Kapuskasing CAN"]
[Date "2004.07.08"]
[Round "6"]
[White "Pauric, Allen"]
[Black "Ramaswamy, Kishor"]
[Result "1/2-1/2"]
[WhiteElo "1970"]
[BlackElo "2020"]
[PlyCount "78"]
[GameId "2160767911096014"]
[EventDate "2004.07.06"]
[EventType "swiss"]
[EventRounds "7"]
[EventCountry "CAN"]
[SourceTitle "EXT 2006"]
[Source "ChessBase"]
[SourceDate "2005.11.24"]
[SourceVersion "1"]
[SourceVersionDate "2005.11.24"]
[SourceQuality "1"]

1. d4 d5 2. Nf3 Nf6 3. Bf4 c5 4. c3 Qb6 5. Qb3 Nc6 6. e3 c4 7. Qxb6 axb6 8. Nbd2 b5 9. a3 b4 10. cxb4 Nxb4 11. Rc1 Nc6 12. Be2 e6 13. O-O b5 14. Ra1 Be7 15. Ne5 Bd7 16. Bg5 h6 17. Bxf6 gxf6 18. Nxd7 Kxd7 19. Bh5 b4 20. axb4 Bxb4 21. Nf3 Ke7 22. Rfb1 Rxa1 23. Rxa1 Rb8 24. Ra6 Kd7 25. Kf1 Ba5 26. Bxf7 Rxb2 27. Bxe6+ Kxe6 28. Rxc6+ Kd7 29. Rc5 Bb4 30. Rxd5+ Kc6 31. Rf5 c3 32. d5+ Kd7 33. Nd4 Bc5 34. Rxf6 Bxd4 35. Rc6 c2 36. Ke1 Be5 37. Kd2 Bxh2 38. Rxc2 Rxc2+ 39. Kxc2 Bg1 1/2-1/2

[Event "CYCC U16"]
[Site "Kapuskasing CAN"]
[Date "2004.07.08"]
[Round "6"]
[White "Peng Yu, David"]
[Black "Ho, Martin"]
[Result "1-0"]
[WhiteElo "2115"]
[BlackElo "1710"]
[PlyCount "72"]
[GameId "2160767911096015"]
[EventDate "2004.07.06"]
[EventType "swiss"]
[EventRounds "7"]
[EventCountry "CAN"]
[SourceTitle "EXT 2006"]
[Source "ChessBase"]
[SourceDate "2005.11.24"]
[SourceVersion "1"]
[SourceVersionDate "2005.11.24"]
[SourceQuality "1"]

1. e4 e6 2. Nc3 d5 3. f4 Nf6 4. e5 Nfd7 5. Nf3 c5 6. g3 Nc6 7. Bg2 Be7 8. O-O O-O 9. d3 f5 10. exf6 Bxf6 11. a4 b6 12. f5 Nde5 13. Nxe5 Nxe5 14. fxe6 Bxe6 15. Bf4 Ng6 16. Bd2 a6 17. Qh5 Ne7 18. Rae1 Qd7 19. h3 Rad8 20. Qe2 Bf5 21. g4 Bh4 22. Ra1 Be6 23. Rxf8+ Rxf8 24. Be1 Bf6 25. Bf2 Bf7 26. a5 b5 27. Bxc5 Re8 28. Qd2 Rc8 29. d4 Nc6 30. Rf1 Bd8 31. Rxf7 Kxf7 32. Bxd5+ Kg6 33. Qd3+ Kh6 34. Bf8 Kg5 35. Ne4+ Kh6 36. Nd6 Bf6 1-0

[Event "CYCC U16"]
[Site "Kapuskasing CAN"]
[Date "2004.07.08"]
[Round "6"]
[White "Tayar, Jonathan"]
[Black "Wang, David"]
[Result "1-0"]
[WhiteElo "1959"]
[BlackElo "2143"]
[PlyCount "129"]
[GameId "2160767911096016"]
[EventDate "2004.07.06"]
[EventType "swiss"]
[EventRounds "7"]
[EventCountry "CAN"]

1. e4 e5 2. Nf3 Nc6 3. Bc4 Bc5 4. c3 Nf6 5. d3 d5 6. exd5 Nxd5 7. Qb3 Nf6 8. Bxf7+ Kf8 9. Bc4 Qe7 10. O-O Na5 11. Qa4 Nxc4 12. Qxc4 Bd6 13. Bg5 Be6 14. Qa4 h6 15. Bh4 Bd7 16. Qb3 Bc6 17. Nbd2 Qd7 18. Bg3 Re8 19. Rfe1 Qf5 20. Qc2 g5 21. Ne4 Nxe4 22. dxe4 Qf6 23. b4 Rg8 24. Qd2 b5 25. a4 a6 26. axb5 axb5 27. Re3 Kg7 28. Ra6 Bd7 29. Rd3 Be6 30. Rdxd6 cxd6 31. Qxd6 Kh7 32. h3 Qf8 33. Qxe5 Bf7 34. Qxb5 Ra8 35. Rf6 Qe7 36. Qf5+ Bg6 37. Rxg6 Rxg6 38. Ne5 Qe6 39. Qxg6+ Qxg6 40. Nxg6 Kxg6 41. Be5 Re8 42. Bd4 Rxe4 43. Kf1 Kf7 44. Be3 Ke6 45. Ke2 Kd5 46. Kd3 Rc4 47. b5 Rc7 48. b6 Rf7 49. Bd4 Re7 50. g3 Kc6 51. f4 gxf4 52. gxf4 Re1 53. f5 Rh1 54. f6 Rxh3+ 55. Ke4 Rh1 56. Kf5 h5 57. f7 h4 58. Kg6 Rf1 59. Bf6 Rg1+ 60. Kh5 h3 61. f8=Q h2 62. Qc8+ Kd5 63. Qd7+ Ke4 64. Qe6+ Kf3 65. Qh3+ 1-0

[Event "CYCC U16"]
[Site "Kapuskasing CAN"]
[Date "2004.07.08"]
[Round "6"]
[White "Tessier, Adam"]
[Black "Rodriguez, Aaron"]
[Result "0-1"]
[WhiteElo "796"]
[BlackElo "1733"]
[PlyCount "58"]
[GameId "2160767911096017"]
[EventDate "2004.07.06"]
[EventType "swiss"]
[EventRounds "7"]
[EventCountry "CAN"]

1. e4 g6 2. d4 Bg7 3. Nc3 d6 4. h3 Nf6 5. Nf3 O-O 6. e5 dxe5 7. Nxe5 Nbd7 8. Ng4 h5 9. Nh6+ Kh7 10. g4 Bxh6 11. gxh5 Nxh5 12. Bxh6 Kxh6 13. Qd2+ Kg7 14. h4 e5 15. Be2 exd4 16. Qxd4+ Ndf6 17. O-O-O Qxd4 18. Rxd4 Bf5 19. Bxh5 Nxh5 20. Rg1 Rad8 21. Rxd8 Rxd8 22. Nb5 c6 23. Nxa7 Ra8 24. Nxc6 bxc6 25. a3 Nf4 26. Re1 Ng2 27. Re5 Nxh4 28. b4 Rxa3 29. c4 Rc3+ 0-1